000 01206nam2a2200313 4500
001 RU\NLR\BIBL_A\021950971
005 20250806202413.0
035 _a(NLR Aleph) 021950971
090 _a58510
_c58510
100 _a20250806 rusy50
101 0 _arus
102 _aRU
135 _acrgn 008anaba
200 0 _a1944, № 6 (192) (1 сент.)
210 _d1944
325 1 _aКопия доступна в электронной библиотеке РНБ
461 0 _1001RU\NLR\BIBL_A\016362438
_12001#$aЗа советское искусство$v1944, № 6 (192) (1 сент.)
852 _aNLR
_jЛ462
856 0 _uhttps://vivaldi.nlr.ru/pn000277856/view
856 1 _uhttps://vivaldi.nlr.ru/pn000277856/cover
856 2 _uhttps://vivaldi.nlr.ru/pn000277856/text
901 _eГазеты
942 _cISSNP
945 _aРоссийская национальная библиотека
980 _aNB
980 _aBV
981 2 7 _a(27) Периодические издания
_b(27) Газеты